Country risk of small economies in Eurozone on the bonds and stock markets

Enregistré dans:
Détails bibliographiques
Auteur principal: Chovancová, Božena
Autres auteurs: Árendáš, Peter, 1986-, Gvozdják, Vladimír
Format: Chapitre de livre
Langue:anglais
Sujets:
Tags: Ajouter un tag
Pas de tags, Soyez le premier à ajouter un tag!

MARC

LEADER 00000nla a2200000 4500
001 0195752
005 20240502073305.4
041 0 |a eng 
044 |a SK 
245 1 0 |a Country risk of small economies in Eurozone on the bonds and stock markets  |c Božena Chovancová, Peter Árendáš, Vladimír Gvozdják 
610 2 0 |a dlhopisy 
610 2 0 |a akcie 
610 2 0 |a trh finančný 
610 2 0 |a eurozóna 
610 2 0 |a riziko 
610 2 0 |a rating 
100 1 |a Chovancová, Božena 
700 1 |a Árendáš, Peter, 1986- 
700 1 |a Gvozdják, Vladimír